NFL Teams First Head Coach - Statistics

General Stats
  • This quiz has been taken 9 times
  • The average score is 14 of 32
Answer Stats
Team Wins Coach % Correct
GBP 209 Curly Lambeau
100%
CHI 84 George Halas
100%
DAL 250 Tom Landry
100%
KAN 124 Hank Stram
88%
TBB 44 John McKay
88%
CLE 158 Paul Brown
88%
CIN 55 Paul Brown
88%
JAX 68 Tom Coughlin
88%
CAR 30 Dom Capers
75%
HOU 18 Dom Capers
75%
BAL 16 Ted Marchibroda
63%
NEP 7 Lou Saban
50%
LAC 86 Sid Gillman
50%
MIA 15 George Wilson
38%
SEA 35 Jack Patera
38%
MIN 29 Norm Van Brocklin
38%
NYJ 14 Sammy Baugh
38%
BUF 11 Buster Ramsey
25%
ATL 4 Norb Hecker
25%
ARI 17 Paddy Driscoll
25%
NOS 13 Tom Fears
25%
SFF 71 Buck Shaw
13%
DEN 7 Frank Filchock
13%
TEN 11 Lou Rymkus
13%
PHI 9 Lud Wray
13%
WAS 4 Lud Wray
13%
NYG 8 Bob Folwell
0%
LAR 5 Damon Wetzel
0%
LVR 6 Eddie Erdelatz
0%
PIT 3 Forrest Douds
0%
DET 5 Hal Griffen
0%
IND 3 Keith Molesworth
0%
No matching quizzes found
Score Distribution
Percent of People with Each Score
Percentile by Number Answered
Your Score History
You have not taken this quiz